| 000 | 00807cam a22002053a 4500 | ||
|---|---|---|---|
| 001 | 43927 | ||
| 003 | PGUSA | ||
| 005 | 20140828084012.0 | ||
| 008 | 131010s2013||||xxu|||||s|||||000 | eng d | ||
| 040 |
_aPGUSA _beng |
||
| 042 | _adc | ||
| 100 | 1 |
_aWalker, James, _d1794-1874 |
|
| 245 | 1 | 2 |
_aA Sermon Delivered before His Excellency Levi Lincoln, Governor, His Honor Thomas L. Winthrop, Lieutenant Governor, The Hon. Council, The Senate, and House of Representatives of the Commonwealth of Massachusetts, on the day of General Election : _bMay 28, 1828 _h[electronic resource] / _cJames Walker |
| 260 |
_bProject Gutenberg, _c2013 |
||
| 506 | _aPublic domain in the USA. | ||
| 516 | _aElectronic text | ||
| 830 | 0 |
_aProject Gutenberg _v43927 |
|
| 856 | 4 | 0 | _uhttp://www.gutenberg.org/ebooks/43927 |
| 942 | _cEB | ||
| 999 |
_c273178 _d273178 |
||